Statistics for College Football Matchups: LSU

Click here to take the quiz!

General Stats

  • This quiz has been taken 94 times
  • The average score is 12 of 16

Answer Stats

# of GamesOpponentLast Meeting% Correct
88Alabama11/04/2023
100%
70Florida11/11/2023
93%
112Ole Miss09/30/2023
93%
58Auburn10/14/2023
91%
33Georgia12/03/2022
91%
69Arkansas09/23/2023
88%
117Mississippi State09/16/2023
85%
62Texas A&M11/25/2023
85%
34Tennessee10/08/2022
82%
32Vanderbilt10/03/2020
75%
22South Carolina10/24/2020
72%
58Kentucky10/09/2021
70%
98Tulane10/31/2009
70%
22Louisiana09/19/2009
43%
20Louisiana Tech09/22/2018
40%
56Rice11/17/2018
25%

Score Distribution

Percentile by Number Answered

Percent of People with Each Score

Your Score History

You have not taken this quiz